|
|
|
|
| LEADER |
00000nab a2200000 a 4500 |
| 001 |
vtls001030529 |
| 003 |
SK-MaSNL |
| 005 |
20260303035705.0 |
| 008 |
040720e20020418xo 0 slo |
| 035 |
|
|
|a SL9083
|
| 040 |
|
|
|a SLLK
|b slo
|c SLLK
|e AACR2
|
| 041 |
0 |
|
|a slo
|
| 044 |
|
|
|a xo
|c SK
|
| 080 |
|
|
|a 352.075.2
|2 1981
|
| 100 |
0 |
|
|a (ar)
|4 aut
|9 838472
|
| 245 |
1 |
0 |
|a Ekonomicky úspešný rok
|b primátor mesta RNDr. Valent Jaržembovský zvolal 4. apríla mestské zastupiteľstvo
|
| 518 |
|
|
|a 2001
|
| 518 |
|
|
|a 2002
|
| 610 |
2 |
7 |
|a Mesto Stará Ľubovňa (Slovensko)
|2 SLLK
|9 1022635
|
| 650 |
0 |
7 |
|a hospodárenie
|2 SLLK
|9 322275
|
| 650 |
0 |
7 |
|a plány rozvojové
|2 SLLK
|9 872719
|
| 651 |
|
7 |
|a Stará Ľubovňa (Slovensko)
|2 SLLK
|9 19193
|
| 651 |
|
7 |
|a SL,
|2 SLLK
|9 1022390
|
| 655 |
|
7 |
|a periodikum
|2 snkbucl
|9 29553
|
| 710 |
2 |
|
|a Mesto Stará Ľubovňa (Slovensko)
|4 aut
|9 1022635
|
| 773 |
0 |
8 |
|t Ľubovnianske noviny
|g Roč. 28, č.16, 18.4.2002, s. 2
|
| 852 |
|
|
|a ZVYKNI
|b KIS3GCP
|
| 999 |
|
|
|c 1678521
|d 1680451
|